Tax Executive

Detalles Bibliográficos
Formato: eBook
Lenguaje:inglés
Publicado: Estados Unidos Tax Executives Institute, Inc. 19-05-2009
Materias:
Acceso en línea:Acceso restringido

MARC

LEADER 00000nam a22000007a 4500
005 20151110092835.0
007 cr|z|| ||u|
008 151110s19882014-us n|pos|||| 0|||a1eng d
022 |a 0040-0025 
035 |a 2864 
040 |a vLex 
090 |c 5691  |d 5691 
245 1 0 |a Tax Executive  |h [Recurso electrn̤ico /  |c Tax Executives Institute, Inc. 
256 |a Servicio en ln̕ea  
260 |a Estados Unidos  |b Tax Executives Institute, Inc.  |c 19-05-2009 
300 |a 1 recurso electrn̤ico  
310 |a Desconocida  
506 1 |a Contenido solo disponible en los productos indicados  |d vLex Global  |d vLex Global (Academic Edition, excluding Law Schools)  |d vLex Global (U.S. Academic Edition, Law Schools)  |d vLex Global (U.S. Academic Edition, excluding Law Schools)  |d vLex Global (Academic Edition, Law Schools) 
650 0 4 |a Economia  |z Estados Unidos 
740 0 |a vLex revista (servicio en ln̕ea) 
856 4 0 |u http://law-journals-books.vlex.com/source/tax-executive-2864  |z Acceso restringido 
942 |c REV 
999 0 |a Economics